000
00338nam a2200145Ia 4500
008
191201s2011 xx 000 0 und d
082
_a
658.15
_b
PAF
100
_a
PANDEY, I M
245
0
_a
Financial Management
250
_a
Rep
260
_a
N.Delhi
_b
Vikas Publication House
_c
2011
300
_a
879
650
_a
MBA
942
_2
ddc
_c
BK
999
_c
5380
_d
5380